Statistics for Most and least Vertical Countries

Click here to take the quiz!

General Stats

  • This quiz has been taken 58 times
  • The average score is 17 of 40

Answer Stats

HINTCOUNTRY% Correct
1Chile (39.1 deg. - 756k km2) - 0.4
93%
4Norway (22.8 deg. - 323k km2) - 0.6
76%
19Sweden (13.7 deg. - 450k km2) - 2.3
76%
20Argentina (33.2 deg. - 2780k km2) - 2.5
74%
14United Kingdom (11 deg. - 242k km2) - 2
74%
7United States (85.9 deg. - 9826k km2) - 1.3
70%
3Japan (25.1 deg. - 377k km2) - 0.5
67%
5Portugal (9.7 deg. - 92k km2) - 0.9
65%
9Vietnam (14.9 deg. - 331k km2) - 1.4
61%
16Italy (11.5 deg. - 301k km2) - 2.2
57%
18Thailand (14.8 deg. - 513k km2) - 2.3
57%
12Panama (2.4 deg. - 75k km2) - 12.5
50%
17Togo (5 deg. - 56k km2) - 2.2
50%
2Turkey (6.2 deg. - 783k km2) - 19.8
50%
13Malawi (7.7 deg. - 118k km2) - 1.9
46%
2New Zealand (23.4 deg. - 270k km2) - 0.4
46%
1Gambia (0.7 deg. - 11k km2) - 20
43%
13Austria (2.6 deg. - 83k km2) - 12
39%
10Burma (18.9 deg. - 676k km2) - 1.8
39%
8Israel (3.7 deg. - 20k km2) - 1.4
37%
7Mongolia (10.5 deg. - 1564k km2) - 13.9
37%
6Slovakia (1.8 deg. - 49k km2) - 14
37%
18Yemen (6.8 deg. - 527k km2) - 11.1
35%
16Hungary (2.8 deg. - 93k km2) - 11.5
33%
5Bhutan (1.6 deg. - 38k km2) - 14.6
30%
9Czech Republic (2.4 deg. - 78k km2) - 12.7
30%
12Morocco (15.1 deg. - 446k km2) - 1.9
30%
4Jamaica (0.8 deg. - 10k km2) - 16.4
26%
8Kazakhstan (14.5 deg. - 2724k km2) - 12.9
26%
6Philippines (16.7 deg. - 342k km2) - 1.2
24%
3Sudan (10.6 deg. - 1886k km2) - 16.5
24%
10El Salvador (1.2 deg. - 21k km2) - 12.7
22%
11Spain (16.1 deg. - 505k km2) - 1.9
22%
14Kyrgyzstan (4.1 deg. - 199k km2) - 11.8
20%
17Romania (4.6 deg. - 238k km2) - 11.1
17%
11Bulgaria (2.9 deg. - 110k km2) - 12.5
15%
20Guinea-Bissau (1.8 deg. - 36k km2) - 10.9
15%
19Latvia (2.4 deg. - 64k km2) - 11
15%
15Macedonia (1.4 deg. - 25k km2) - 11.6
13%
15South Africa (24.6 deg. - 1221k km2) - 2
13%

Score Distribution

Percentile by Number Answered

Percent of People with Each Score

Your Score History

You have not taken this quiz